000 00436nam a2200181Ia 4500
008 230524s9999 xx 000 0 und d
020 _a8129704218
082 _a415
_bMIS
100 _aSunita Mishra
245 0 _aCommunication Skills for Engineers
250 _a1ST
260 _aNEW DELHI
_bPearson
_c2004
300 _aXII;257
500 _aQuantity Number: 2
650 _aEnglish
700 _a C.Muralikrishna
942 _cBK
999 _c5113
_d5113